000 00371nam a2200121Ia 4500
008 240731s9999 xx 000 0 und d
022 _a1478-3428
245 0 _aBulletin of Spanish Studies : Hispanic Studies and Researches on Spain, Portugal and Latin America
260 _bRoutledge
856 _uhttps://www.tandfonline.com/loi/cbhs20
942 _2ddc
942 _cTFEJ
999 _c75712
_d75712
945 _a1
_bMadushi Gamage
_c1
_dMadushi Gamage